Anarcho-demokraták az anarchizmus elmélete és magyarországi története
Elmentve itt :
| Szerző: | |
|---|---|
| További közreműködők: | |
| Adatforrás: | Philobibl |
| Dokumentumtípus: | Könyv |
| Nyelv: | magyar |
| Kulcsszavak: | társadalomfilozófia anarchizmus |
| Megjelent: |
Bp.
Gondolat
2007
|
| LEADER | 00452nam a2200145 c 4500 | ||
|---|---|---|---|
| 001 | bibPHI0033299 | ||
| 005 | 20200924123141.2 | ||
| 008 | 081119s2007 hu hun | ||
| 100 | 1 | |a Bozóki András | |
| 245 | 1 | 0 | |a Anarcho-demokraták |b az anarchizmus elmélete és magyarországi története |c Bozóki András, Sükösd Miklós |
| 260 | |a Bp. |b Gondolat |c 2007 | ||
| 300 | |a 305 p. | ||
| 695 | |a társadalomfilozófia | ||
| 695 | |a anarchizmus | ||
| 700 | 1 | |a Sükösd Miklós | |